Normal view MARC view
  • J.Ingham, I.J.Dunn, E. Heinzle, J. E. Prenosil, J. B.Snape

Entry Personal Name

Number of records used in: 1

001 - CONTROL NUMBER

  • control field: 127205

003 - CONTROL NUMBER IDENTIFIER

  • control field: NUST

005 - DATE AND TIME OF LATEST TRANSACTION

  • control field: 20241219155156.0

008 - FIXED-LENGTH DATA ELEMENTS

  • fixed length control field: 241219|| aca||aabn | a|a d

040 ## - CATALOGING SOURCE

  • Original cataloging agency: NUST
  • Transcribing agency: NUST

100 ## - HEADING--PERSONAL NAME

  • Personal name: J.Ingham, I.J.Dunn, E. Heinzle, J. E. Prenosil, J. B.Snape

670 ## - SOURCE DATA FOUND

  • Source citation: Work cat.: (NUST)562884: J.Ingham, I.J.Dunn, E. Heinzle, J. E. Prenosil, J. B.Snape, Chemical Engineering Dynamics: An introduction to modelling and computer simulation /, 2000
© 2023 Central Library, National University of Sciences and Technology. All Rights Reserved.